Oneness with Christ; expository lectures on the epistle to the Colosssians. (Record no. 16390)

000 -LEADER
fixed length control field 00653nam a2200181 a 4500
001 - CONTROL NUMBER
control field :::00019273$&:&@@
003 - CONTROL NUMBER IDENTIFIER
control field OkBaRHE
005 - DATE AND TIME OF LATEST TRANSACTION
control field 20100331140523.0
008 - FIXED-LENGTH DATA ELEMENTS--GENERAL INFORMATION
fixed length control field s1903 j 000 0 eng u
040 ## - CATALOGING SOURCE
Transcribing agency
100 1# - MAIN ENTRY--PERSONAL NAME
Personal name Nicholson, W. R.
245 10 - TITLE STATEMENT
Title Oneness with Christ; expository lectures on the epistle to the Colosssians.
260 ## - PUBLICATION, DISTRIBUTION, ETC. (IMPRINT)
Place of publication, distribution, etc Chicago
Name of publisher, distributor, etc The Bible Institiute Colportage Association
Date of publication, distribution, etc 1903
300 ## - PHYSICAL DESCRIPTION
Extent 284 p. ;
Dimensions 19 cm.
650 ## - SUBJECT ADDED ENTRY--TOPICAL TERM
Topical term or geographic name as entry element Bible New Testament Colossians
General subdivision Criticism, Interpretation, etc.
942 ## - ADDED ENTRY ELEMENTS (KOHA)
Source of classification or shelving scheme
Koha item type Books
Copies
Price effective from Date acquired Barcode Date last seen Source of classification or shelving scheme Damaged status Not for loan Shelving location Permanent Location Lost status Koha item type Withdrawn status Full call number Copy number
2010-04-142010-04-14192732018-04-03   General StacksRHEMA Bible Training College Books BS 2715 .N48 C61